00500 2200193 4500245004800000020002200048250001000070100001900080700001700099700001800116650002600134650001000160005001900170260006500189041001400254084001100268300001800279336000900297 aFestival PersahabatancYovita SiswatihText a978-623-307-015-7 aCet.2 aYOVITA SISWATI aTanti Amelia aWenny Oktavia aCerita Anak Indonesia aEbook a20250317083415 aJakarta TimurbBadan Pengembangan dan Pembinaan Bahasac2022 aIndonesia a398.09 avi :c54 hlm. atext